Most Polite cities - Statistics

General Stats
  • This quiz has been taken 88 times
    86 since last reset
  • The average score is 10 of 25
Answer Stats
Rank City % Correct
17 London
84%
18 Paris
77%
3 Berlin
63%
23 Sydney
63%
1 New York City
62%
9 Stockholm
59%
11 Madrid
53%
19 Amsterdam
47%
20 Helsinki
44%
16 Lisbon
44%
22 Milan
39%
12 Prague
39%
13 Vienna
39%
2 Zurich
39%
6 Auckland
32%
8 Mexico City
32%
7 Warsaw
29%
10 Budapest
28%
14 Buenos Aires
27%
25 Hong Kong
24%
24 Bangkok
22%
5 Zagreb
18%
15 Johannesburg
14%
21 Manila
13%
4 Sao Paolo
1%
No matching quizzes found
Score Distribution
Percent of People with Each Score
Percentile by Number Answered
Your Score History
You have not taken this quiz since the last reset